| 000 | 00840nam a2200265 4500 | ||
|---|---|---|---|
| 001 | 14908 | ||
| 010 | _a9789898895677 | ||
| 021 | _b450010/18 | ||
| 090 | _a14908 | ||
| 100 | _a20191202d2019 c y0pory50030103ba | ||
| 200 | 1 |
_aUm mundo cheio de histórias de animais _fAngela Mcallister _gil. Aitch _gtrad. Paula Caetano |
|
| 205 | _a1.ª ed | ||
| 210 | 9 |
_aBarcarena _cJacarandá, _d2019 |
|
| 215 |
_a127, [1] p. _cil. _d29 cm |
||
| 300 | _aPADES | ||
| 304 | _aTít. orig.: A World Full of Animal Stories | ||
| 675 |
_a087.5 _vBN _zpor |
||
| 675 |
_a821.111-93"19/20" _vBN _zpor |
||
| 675 |
_a821.111-34"19/20" _vBN _zpor |
||
| 700 | 1 |
_aMcAllister, _bAngela |
|
| 702 | 0 | _aAitch | |
| 702 | 1 |
_aCaetano, _bPaula |
|
| 801 | 0 |
_aPT _bBN _gRPC |
|
| 856 | 4 | 1 | _uhttp://rnod.bnportugal.gov.pt/ImagesBN/winlibimg.aspx?skey=&doc=2035306&img=133515&save=true |
| 990 | _cLIVROS | ||